Names for Germany through History - Statistics

General Stats
  • This quiz has been taken 407 times
    380 since last reset
  • The average score is 5 of 9
Answer Stats
Time Period Answer % Correct
1990-Present Germany
91%
1933-1948 German Reich
85%
962-1524 AD. Holy Roman Empire
82%
1949-1989 East and West Germany
81%
1525-1870 Prussian Empire
68%
1871-1932 German Empire
67%
844-961 AD. Kingdom of Saxony
23%
586-843 AD. Frankish Empire
17%
58 BC.-585 AD. Suebi Empire
6%
No matching quizzes found
Score Distribution
Percent of People with Each Score
Percentile by Number Answered
Your Score History
You have not taken this quiz since the last reset